Účinnosť makrolidov na vybrané druhy mikroorganizmov v regióne Nové Zámky

Bibliographic Details
Main Authors: Mikovičová, A. (Author), Peržeľ, J. (Author)
Format: Article
Language:Slovak
PhysicalDescription:Tab.
ISSN:1335-0579
Subjects:

MARC

LEADER 00000nab a2200000 a 4500
001 vtls000748266
003 SK-MaSNL
005 20260304112903.0
008 250429c2000 xo 0 slo
015 |a SNBRB2001/04-10173 
035 |a CLN000100094 
035 |a urn:nbn:sk:snk-ab2ev1 
035 |a (urnnbn)urn:nbn:sk:snk:ar-a02bhn 
035 |a (uuid)7b3523d2-76f0-4793-b60d-f516d4678578 
040 |a SNKBUCL  |b slo  |c SNKBUCL  |e AACR2 
041 0 |a slo 
044 |a xo  |c SK 
080 |a 615.33:615.015.8  |2 1997 
100 1 |a Mikovičová, A.  |4 aut  |9 1130498 
245 1 0 |a Účinnosť makrolidov na vybrané druhy mikroorganizmov v regióne Nové Zámky  |c A. Mikovičová, J. Peržeľ 
300 |b Tab. 
504 |a Bibliogr. odkazy 
650 0 7 |a makrolidové antibiotiká  |2 SNKPH  |9 16593 
650 0 7 |a testy citlivosti, mikrobiálne  |2 SNK  |9 1055262 
655 7 |a články z novín a časopisov  |2 SNK  |9 267496 
700 1 |a Peržeľ, J.  |4 aut  |9 876520 
773 0 |t Acta chemotherapeutica  |g Roč. 9, č. 5 (2000), s. 68  |x 1335-0579 
850 |a Slovenská národná knižnica 
852 |a Slovenská národná knižnica 
954 |a odborná, vedecká literatúra pôvodná (slovenská)  |2 lita 
958 |a article27 
958 |a MI 
958 |a NB 
958 |a OND 
958 |a EUIPO 
992 |a RBX 
999 |c 2867439  |d 2869369